| 000 | 00843cam a22002651 4500 | ||
|---|---|---|---|
| 001 | 27577 | ||
| 003 | BD-RjUL | ||
| 005 | 20211209051155.0 | ||
| 008 | 140325t19651965inu 001 0 eng | ||
| 035 | _a(BD-RjUL)27651 | ||
| 040 |
_aDLC _cDLC _dDLC _beng |
||
| 041 | _aeng | ||
| 082 | 0 | 0 |
_a301.45196073 _bNEG 1965 |
| 100 | 1 |
_aBroderick, Francis L., _984701 |
|
| 245 | 1 | 0 |
_aNegro protest thought in the twentieth century / _cEdited by Francis L. Broderick and August Meier. |
| 260 |
_aIndianapolis : _bBobbs-Merrill Co., _cc1965 |
||
| 300 |
_axliii, 444 p. ; _c21 cm. |
||
| 490 | 0 | _aThe American heritage series | |
| 504 | _aIncludes index | ||
| 650 | 0 |
_aAfrican Americans _xCivil rights _xHistory _vSources. _984702 |
|
| 700 | 1 |
_aMeier, August, _d1923- _ejoint ed. _984703 |
|
| 942 |
_2ddc _cBK |
||
| 999 |
_c27577 _d27577 |
||